000 00703cab a2200241 4500
001 WB3329-49
008 090401t1997 xxu||||| |||| 00| 0 eng d
035 _a(Sirsi) u79898
041 _aeng
245 _aFraud allegation
260 _c1997
350 _a0
490 _aProperty Week
_v60(4) 25 July 1997, 8(1)
520 _aA former quantity surveyor has been arrested in connection with a multimillion-pound mortgage fraud.
650 _aBRISTOL AND WEST BUILDING SOCIETY
650 _aEAGLE STAR
650 _aFALSE VALUATIONS
650 _aFRAUD
650 _aMORTGAGE FRAUD
690 _aMANAGEMENT-BUSINESS MANAGEMENT-PROFESSIONAL PRACTICE
942 _n0
948 _c25/07/1997
999 _c50280
_d50280